Simulation and Synthesis in Medical Imaging (Запис № 446830)

МАРК-запис
000 -LEADER
fixed length control field 04636nam a22007215i 4500
001 - CONTROL NUMBER
control field 978-3-319-68127-6
003 - CONTROL NUMBER IDENTIFIER
control field DE-He213
005 - DATE AND TIME OF LATEST TRANSACTION
control field 20210118125109.0
007 - PHYSICAL DESCRIPTION FIXED FIELD--GENERAL INFORMATION
fixed length control field cr nn 008mamaa
008 - FIXED-LENGTH DATA ELEMENTS--GENERAL INFORMATION
fixed length control field 170929s2017 gw | s |||| 0|eng d
020 ## - INTERNATIONAL STANDARD BOOK NUMBER
International Standard Book Number 9783319681276
-- 978-3-319-68127-6
024 7# - OTHER STANDARD IDENTIFIER
Standard number or code 10.1007/978-3-319-68127-6
Source of number or code doi
050 #4 - LIBRARY OF CONGRESS CALL NUMBER
Classification number TA1630-1650
072 #7 - SUBJECT CATEGORY CODE
Subject category code UYT
Source bicssc
072 #7 - SUBJECT CATEGORY CODE
Subject category code COM012000
Source bisacsh
072 #7 - SUBJECT CATEGORY CODE
Subject category code UYT
Source thema
072 #7 - SUBJECT CATEGORY CODE
Subject category code UYQV
Source thema
082 04 - DEWEY DECIMAL CLASSIFICATION NUMBER
Classification number 006.6
Edition number 23
082 04 - DEWEY DECIMAL CLASSIFICATION NUMBER
Classification number 006.37
Edition number 23
245 10 - TITLE STATEMENT
Title Simulation and Synthesis in Medical Imaging
Medium [electronic resource] :
Remainder of title Second International Workshop, SASHIMI 2017, Held in Conjunction with MICCAI 2017, Québec City, QC, Canada, September 10, 2017, Proceedings /
Statement of responsibility, etc edited by Sotirios A. Tsaftaris, Ali Gooya, Alejandro F. Frangi, Jerry L. Prince.
250 ## - EDITION STATEMENT
Edition statement 1st ed. 2017.
264 #1 -
-- Cham :
-- Springer International Publishing :
-- Imprint: Springer,
-- 2017.
300 ## - PHYSICAL DESCRIPTION
Extent X, 109 p. 41 illus.
Other physical details online resource.
336 ## -
-- text
-- txt
-- rdacontent
337 ## -
-- computer
-- c
-- rdamedia
338 ## -
-- online resource
-- cr
-- rdacarrier
347 ## -
-- text file
-- PDF
-- rda
490 1# - SERIES STATEMENT
Series statement Image Processing, Computer Vision, Pattern Recognition, and Graphics ;
Том/ позначення послідовності 10557
520 ## - SUMMARY, ETC.
Summary, etc This book constitutes the refereed proceedings of the Second International Workshop on Simulation and Synthesis in Medical Imaging, held in conjunction with MICCAI 2017, in Québec City, Canada, in September 2017. The 11 revised full papers presented were carefully reviewed and selected from 14 submissions. The contributions span the following broad categories: cross modality (PET/MR, PET/CT, CT/MR, etc.) image synthesis, simulation and synthesis from large-scale image databases, automated techniques for quality assessment images, and several applications of image synthesis and simulation in medical imaging such as image interpolation and segmentation, image reconstruction, cell imaging, and blood flow.
506 ## - RESTRICTIONS ON ACCESS NOTE
Terms governing access Available to subscribing member institutions only. Доступно лише організаціям членам підписки.
506 ## - RESTRICTIONS ON ACCESS NOTE
Standardized terminology for access restriction Online access from local network of NaUOA.
506 ## - RESTRICTIONS ON ACCESS NOTE
Standardized terminology for access restriction Online access with authorization at https://link.springer.com/
506 ## - RESTRICTIONS ON ACCESS NOTE
Standardized terminology for access restriction Онлайн-доступ з локальної мережі НаУОА.
506 ## - RESTRICTIONS ON ACCESS NOTE
Standardized terminology for access restriction Онлайн доступ з авторизацією на https://link.springer.com/
650 #0 - SUBJECT ADDED ENTRY--TOPICAL TERM
Topical term or geographic name as entry element Optical data processing.
650 #0 - SUBJECT ADDED ENTRY--TOPICAL TERM
Topical term or geographic name as entry element Health informatics.
650 #0 - SUBJECT ADDED ENTRY--TOPICAL TERM
Topical term or geographic name as entry element Artificial intelligence.
650 #0 - SUBJECT ADDED ENTRY--TOPICAL TERM
Topical term or geographic name as entry element Computer simulation.
650 #0 - SUBJECT ADDED ENTRY--TOPICAL TERM
Topical term or geographic name as entry element Management information systems.
650 #0 - SUBJECT ADDED ENTRY--TOPICAL TERM
Topical term or geographic name as entry element Computer science.
650 #0 - SUBJECT ADDED ENTRY--TOPICAL TERM
Topical term or geographic name as entry element Algorithms.
650 14 - SUBJECT ADDED ENTRY--TOPICAL TERM
Topical term or geographic name as entry element Image Processing and Computer Vision.
-- http://scigraph.springernature.com/things/product-market-codes/I22021
650 24 - SUBJECT ADDED ENTRY--TOPICAL TERM
Topical term or geographic name as entry element Health Informatics.
-- http://scigraph.springernature.com/things/product-market-codes/I23060
650 24 - SUBJECT ADDED ENTRY--TOPICAL TERM
Topical term or geographic name as entry element Artificial Intelligence.
-- http://scigraph.springernature.com/things/product-market-codes/I21000
650 24 - SUBJECT ADDED ENTRY--TOPICAL TERM
Topical term or geographic name as entry element Simulation and Modeling.
-- http://scigraph.springernature.com/things/product-market-codes/I19000
650 24 - SUBJECT ADDED ENTRY--TOPICAL TERM
Topical term or geographic name as entry element Management of Computing and Information Systems.
-- http://scigraph.springernature.com/things/product-market-codes/I24067
650 24 - SUBJECT ADDED ENTRY--TOPICAL TERM
Topical term or geographic name as entry element Algorithm Analysis and Problem Complexity.
-- http://scigraph.springernature.com/things/product-market-codes/I16021
700 1# - ADDED ENTRY--PERSONAL NAME
Personal name Tsaftaris, Sotirios A.
Relator term editor.
-- (orcid)0000-0002-8795-9294
-- https://orcid.org/0000-0002-8795-9294
Relator code edt
-- http://id.loc.gov/vocabulary/relators/edt
700 1# - ADDED ENTRY--PERSONAL NAME
Personal name Gooya, Ali.
Relator term editor.
-- (orcid)0000-0001-5135-4800
-- https://orcid.org/0000-0001-5135-4800
Relator code edt
-- http://id.loc.gov/vocabulary/relators/edt
700 1# - ADDED ENTRY--PERSONAL NAME
Personal name Frangi, Alejandro F.
Relator term editor.
-- (orcid)0000-0002-2675-528X
-- https://orcid.org/0000-0002-2675-528X
Relator code edt
-- http://id.loc.gov/vocabulary/relators/edt
700 1# - ADDED ENTRY--PERSONAL NAME
Personal name Prince, Jerry L.
Relator term editor.
-- (orcid)0000-0002-6553-0876
-- https://orcid.org/0000-0002-6553-0876
Relator code edt
-- http://id.loc.gov/vocabulary/relators/edt
710 2# - ADDED ENTRY--CORPORATE NAME
Corporate name or jurisdiction name as entry element SpringerLink (Online service)
773 0# - HOST ITEM ENTRY
Title Springer eBooks
776 08 - ADDITIONAL PHYSICAL FORM ENTRY
Display text Printed edition:
International Standard Book Number 9783319681269
776 08 - ADDITIONAL PHYSICAL FORM ENTRY
Display text Printed edition:
International Standard Book Number 9783319681283
830 #0 - SERIES ADDED ENTRY--UNIFORM TITLE
Uniform title Image Processing, Computer Vision, Pattern Recognition, and Graphics ;
Volume number/sequential designation 10557
856 40 - ELECTRONIC LOCATION AND ACCESS
Uniform Resource Identifier <a href="https://doi.org/10.1007/978-3-319-68127-6">https://doi.org/10.1007/978-3-319-68127-6</a>
912 ## -
-- ZDB-2-SCS
912 ## -
-- ZDB-2-LNC
942 ## - ADDED ENTRY ELEMENTS (KOHA)
Koha item type ЕКнига

Немає доступних примірників.